000 00508nam a2200241Ia 4500
003 IT-RoPAU
008 120407s9999 xx 000 0 und d
040 _aIT-RoPAU
040 _cIT-RoPAU
041 _aita
100 _aKurt Axmann
245 _aIl libro del padre. 2a ed.
250 _aMilano
260 _aEdizioni Paoline
260 _c1971
300 _a151 p.
300 _c18,5 cm
490 _aLa Famiglia
490 _v48
600 _a1. Il Padre
942 _cBK
999 _c26067
_d26067